000 00589nam a2200205 a 4500
008 951213s1984||||[C 0 slo c
020 _c16 Kčs.
_q(5000 výtl.)
040 _aSNK
_bslo
_cSNK
_eAACR2
041 1 _aslo
_hrus
044 _axo
_cSK
080 _a882-3
100 1 _aFartyšev, Vasilij
_4aut
245 1 0 _aRomantici severu
_cVasilij Fartyšev ; Milan Tokár, Jozef Szabó
250 _a1., vyd.
260 _aBratislava
_bObzor
_c1984
_eBratislava
_fPravda
300 _a165 s., 8,63 AH
_c21 cm
700 1 _aTokár, Milan
_4trl
700 1 _aSzabó, Jozef
_4bkd
958 _aA
999 _c10574
_d10574